K problematice zpracování empirických šetření v humanitních vědách /

Hlavní autor: Půlpán, Zdeněk, 1942-
Jazyk: Čeština
Vydáno: Praha : Academia, 2004
Vydání: Vyd. 1.
Edice: Studie AV ČR ; č. 1/2004
Témata:
Fyzický popis: 182 s. ; 24 cm
Language note: Anglické resumé
Knihy
Uloženo v:
LEADER 01434nam a2200409 a 4500
001 000729979
003 CZ BrMZK
005 20110624111122.0
007 ta
008 040823s2004 xr a er 001 0 cze d
015 |a cnb001294140 
020 |a 80-200-1221-4  |q (brož.) 
035 |a (OCoLC)85089900 
040 |a BOA001  |b cze 
041 0 |a cze  |b eng 
072 7 |a 517  |x Matematická analýza  |2 Konspekt  |9 13 
080 |a 517  |2 MRF 
080 |a 519.237.8  |2 MRF 
080 |a 1/3+7/9  |2 MRF 
080 |a (048.8)  |2 MRF 
100 1 |a Půlpán, Zdeněk,  |d 1942-  |7 jk01101739  |4 aut 
245 1 0 |a K problematice zpracování empirických šetření v humanitních vědách /  |c Zdeněk Půlpán 
250 |a Vyd. 1. 
260 |a Praha :  |b Academia,  |c 2004 
300 |a 182 s. ;  |c 24 cm 
490 1 |a Studie AV ČR ;  |v č. 1/2004 
504 |a Obsahuje bibliografie a rejstřík 
546 |a Anglické resumé 
650 0 7 |a matematická analýza  |7 ph115238  |2 czenas 
650 0 7 |a shluková analýza  |7 ph161652  |2 czenas 
650 0 7 |a humanitní vědy  |7 ph114730  |2 czenas 
655 7 |a monografie  |7 fd132842  |2 czenas 
810 2 |a Akademie věd České republiky.  |t Studie  |0 s 
910 |a BOA001  |b 2-1139.071 
990 |a BK 
996 6 |b 2610226422  |c 2-1139.071  |l MZK  |r Sklad / do 1 hodiny  |n 1  |p p.v.  |w 000729979  |u 000010  |a 1  |e BOA001  |j MZK50  |s P 
996 7 |b 2610230019  |c 2-1139.071  |l MZK  |r Sklad / do 1 hodiny  |n 8  |p kup  |w 000729979  |u 000020  |a 1  |e BOA001  |j MZK50  |s A